Kompozícia virtuálneho cestovného ruchu v ponuke cestovných kancelárií

Virtuálny cestovný ruch - pojem. Využitie virtuálnych prehliadok/ 3D panorám a ich vplyv na rozhodovanie sa klientov pri výbere dovolenky (zájazdu). Výsledky dotazníka.

Salvato in:
Dettagli Bibliografici
Autore principale: Benešová, Dana, 1958-
Altri autori: Kanichová, Martina
Natura: Capitolo di libro
Lingua:slovacco
Soggetti:
Tags: Aggiungi Tag
Nessun Tag, puoi essere il primo ad aggiungerne!!

MARC

LEADER 00000nla a2200000 4500
001 0207227
005 20240502073436.5
041 0 |a slo 
044 |a SK 
245 1 0 |a Kompozícia virtuálneho cestovného ruchu v ponuke cestovných kancelárií  |c Dana Benešová, Martina Kanichová 
520 |a Virtuálny cestovný ruch - pojem. Využitie virtuálnych prehliadok/ 3D panorám a ich vplyv na rozhodovanie sa klientov pri výbere dovolenky (zájazdu). Výsledky dotazníka. 
610 2 0 |a ruch cestovný 
610 2 0 |a internet 
610 2 0 |a realita virtuálna 
610 2 0 |a technológie nové 
610 2 0 |a dotazníky 
100 1 |a Benešová, Dana, 1958- 
700 1 |a Kanichová, Martina